000 00754nam a22002777a 4500
001 BR8403286
003 BR-BrBNA
005 20230928091941.0
007 ta
008 230509b bl.||||| |||| 00| 0 por d
040 _aBR-BrBNA
_bpor
_cBiblioteca Nacional de Agricultura
041 _a(Por)
072 _aL00; L70
090 _ L00 BR8403286
100 1 _aNascimento, E.C. do
100 1 _aLima, I.A. de
110 1 _aComissao Executiva do Plano da Lavoura Cacaueira, Ilheus, BA (Brasil). Depto. de Extensao
_92112
245 1 _aAgenda pecuaria
260 3 _aIlheus, BA (Brasil):
_c1984.
300 _a31 p.
500 _a8 tables
650 _aPECUARIA
650 _aVETERINARIA
909 _a202309
_bLucia
_c55
_dLucia Elande
942 _cBK
999 _c36363
_d36363